Guess the car model and brand - Statistics

General Stats
  • This quiz has been taken 21 times
  • The average score is 8 of 18
Answer Stats
Picture Answer % Correct
Aston Martin Vulcan
84%
Mercedes AMG One
79%
Daihatsu copen
63%
Pontiac GTO
53%
Porsche 911 GT1
53%
Renault Avantime
53%
Renault RS01
47%
Renault Wind
47%
Peugeot 1007
42%
Suzuki Cappuccino
42%
Hyundai Genesis coupé
37%
Peugeot 207 CC
37%
Toyota Alphard
37%
Hyundai Inster
26%
Kimera Evo 37
26%
Alpine Alpenglow
21%
Toyota Crown Majesta
21%
Hyundai Tiburon
16%
No matching quizzes found
Score Distribution
Percent of People with Each Score
Percentile by Number Answered
Your Score History
You have not taken this quiz